000 005710000a22001690004500
005 20170207142610.0
008 170207b xxu||||| |||| 00| 0 spa d
040 _aCO-BoIAVH
_cCO-BoIAVH
041 _aspa
090 _aMM
_b00259
245 0 0 _aEstudio base de restauración ecológica:
_bEstructura y dinámica de la vegetación nativa de las áreas rurales del Distrito Capital:
257 _aColombia
264 _aBogotá:
_bDama,
_bFundación Estación Biológica Bachaqueros;
_c1998.
300 _aCD-ROM
_b1
500 _aConvenio Dama - FEBB
942 _cCD-ROM
_2z
999 _c16644
_d16644